El movimiento sindical y el seguro social en Costa Rica /

Kaydedildi:
Detaylı Bibliyografya
Yazar: Granados Mora, Cristobal
Diğer Yazarlar: Ureña Cruz, Franklin
Materyal Türü: Metin
Konular:
Etiketler: Etiketle
Etiket eklenmemiş, İlk siz ekleyin!

MARC

LEADER 00000 a a2200000 04500
001 47466
003
040
090 |a REV0857 6 (15) 1980  
100 |a Granados Mora, Cristobal  
245 |a El movimiento sindical y el seguro social en Costa Rica /  |c Cristobal Granados Mora, Franklin Ureña Cruz  
650 |a MOVIMIENTO SINDICAL  
650 |a SEGURO SOCIAL  
650 |a PARTICIPACION LABORAL  
650 |a TRABAJADORES  
650 |a COSTA RICA  
700 |a Ureña Cruz, Franklin  
773 |g volumen6, número15, enero-abril (1980)  
999 |c 29336  |d 29336